[Event "NÖ– Landesliga 2016/2017"]
[Site "?"]
[Date "2016.11.27"]
[Round "3.5"]
[White "Wetscherek, Gerhard"]
[Black "Schlager, Florian"]
[Result "1-0"]
[WhiteElo "2137"]
[BlackElo "1898"]
[PlyCount "87"]
[EventDate "2016.10.02"]
[SourceDate "2016.10.23"]

1. e4 e5 2. Nf3 Nf6 3. Nxe5 d6 4. Nf3 Nxe4 5. d4 d5 6. c4 c6 7. Nc3 Nf6 8. Bd3
Bd6 9. O-O O-O 10. Bg5 Be6 11. cxd5 cxd5 12. Rc1 Nc6 13. Re1 Rc8 14. Bb1 Be7
15. Qd3 g6 16. a3 Na5 17. Re2 Nc4 18. Rce1 Re8 19. Ne5 Bf5 20. Qd1 Be6 21. Nxc4
Rxc4 22. Ba2 Rc8 23. Bxf6 Bxf6 24. Nxd5 Bg7 25. Nc3 Qxd4 26. Bxe6 Rxe6 27. Rxe6
fxe6 28. Qb3 Qd7 29. g3 Bxc3 30. bxc3 Rc6 31. Re3 Qc8 32. h4 Qd7 33. Qa4 Qc8
34. Qd4 a6 35. h5 gxh5 36. Re5 Kf7 37. Rxh5 Qg8 38. Qf4+ Ke7 39. Qb4+ Kf6 40.
Qh4+ Kf7 41. Rxh7+ Kg6 42. Qh6+ Kf5 43. Rg7 Qd8 44. Qf4# 1-0

[Event "NÖ– Landesliga 2016/2017"]
[Site "?"]
[Date "2016.12.11"]
[Round "4.1"]
[White "Reinwald, Patrick"]
[Black "Zwettler, Martin"]
[Result "1/2-1/2"]
[WhiteElo "2140"]
[BlackElo "2224"]
[PlyCount "99"]
[EventDate "2016.10.02"]

1. e4 g6 2. d4 Bg7 3. Nc3 c5 4. Nf3 cxd4 5. Nxd4 Nc6 6. Be3 Nf6 7. Nxc6 bxc6 8.
e5 Ng8 9. f4 Nh6 10. Bd3 O-O 11. O-O d6 12. exd6 exd6 13. Qf3 Bd7 14. Kh1 Rb8
15. Rab1 Qa5 16. Bd2 Qc7 17. b3 Rbe8 18. Ne4 f5 19. Ng5 Nf7 20. Nxf7 Rxf7 21.
Rbe1 Rfe7 22. Qf2 Be6 23. c4 c5 24. Re2 Bc8 25. Rfe1 Bb7 26. a3 Bd4 27. Be3
Rxe3 28. Rxe3 Rxe3 29. Rxe3 Qc6 30. Bf1 Bxe3 31. Qxe3 Qe4 32. Qxe4 Bxe4 33. b4
Kf7 34. Kg1 Ke6 35. Kf2 cxb4 36. axb4 d5 37. c5 d4 38. Bc4+ Kd7 39. Bg8 Kc6 40.
Bxh7 Kb5 41. Bxg6 Kxb4 42. c6 Bxc6 43. Bxf5 Kc3 44. h4 d3 45. Ke3 d2 46. Bg4
Bxg2 47. h5 Bh3 48. Bd1 Bf5 49. h6 a5 50. Ba4 1/2-1/2

[Event "NÖ– Landesliga 2016/2017"]
[Site "?"]
[Date "2016.12.11"]
[Round "4.1"]
[White "Lipp, Alfred"]
[Black "Wetscherek, Gerhard"]
[Result "1/2-1/2"]
[WhiteElo "2113"]
[BlackElo "2137"]
[PlyCount "140"]
[EventDate "2016.10.02"]

1. d4 Nf6 2. c4 d6 3. Nc3 g6 4. e4 Bg7 5. Nf3 Bg4 6. Be2 O-O 7. O-O c6 8. Be3
Nbd7 9. Qc2 Qc7 10. h3 Bxf3 11. Bxf3 e5 12. Rad1 Rfe8 13. Rfe1 h6 14. b4 a5 15.
b5 Bf8 16. Rb1 c5 17. Nd5 Nxd5 18. cxd5 exd4 19. Bxd4 Qd8 20. Be3 b6 21. g3 Ra7
22. Bg2 Bg7 23. f4 Kh7 24. Re2 Nf6 25. Bf2 Rae7 26. Rbe1 Ng8 27. a4 Nf6 28. Bf3
Nd7 29. Kg2 Nf8 30. h4 h5 31. g4 hxg4 32. Bxg4 Qc7 33. h5 Bf6 34. hxg6+ fxg6
35. Qd3 Rg7 36. Qc4 Kh8 37. Kf3 Rh7 38. Bg3 Qg7 39. e5 dxe5 40. fxe5 Bh4 41.
Bxh4 Rxh4 42. Qf4 Nh7 43. Kg3 Rf8 44. Qe3 g5 45. Rf2 Qh6 46. Rxf8+ Nxf8 47. Qf2
Ng6 48. Qf6+ Kh7 49. Bf5 Rh3+ 50. Bxh3 Qh4+ 51. Kh2 Qxe1 52. Qxg5 Qe2+ 53. Bg2
Qxe5+ 54. Qxe5 Nxe5 55. d6 Kg7 56. Bh3 Kf6 57. Kg3 Nc4 58. d7 Ke7 59. Kf4 Nb2
60. Ke5 Nxa4 61. Kd5 Kd8 62. Kc6 c4 63. Bf5 c3 64. Bc2 Nc5 65. Kxb6 Nxd7+ 66.
Kxa5 Kc7 67. Be4 Kb8 68. Kb4 Nf6 69. Bg6 Nd5+ 70. Kc4 Nc7 1/2-1/2

[Event "NÖ– Landesliga 2016/2017"]
[Site "?"]
[Date "2016.12.11"]
[Round "4.1"]
[White "Sulzgruber, Robin"]
[Black "Fiala, Vaclav"]
[Result "1/2-1/2"]
[WhiteElo "2195"]
[BlackElo "2260"]
[PlyCount "123"]
[EventDate "2016.10.02"]

1. e4 c5 2. c3 d5 3. exd5 Qxd5 4. d4 Nc6 5. Nf3 Bg4 6. Be2 cxd4 7. cxd4 e6 8.
Nc3 Qa5 9. O-O Nf6 10. Qb3 Qb4 11. Rd1 Be7 12. h3 Bh5 13. d5 Qxb3 14. axb3 exd5
15. Nxd5 O-O 16. Nxe7+ Nxe7 17. g4 Bg6 18. Be3 b6 19. Ra3 Nfd5 20. Bd4 Nf4 21.
Bf1 Rfd8 22. Re1 Ned5 23. Ne5 Nb4 24. Nxg6 Nxg6 25. Re4 Nc2 26. Ra4 Nxd4 27.
Rexd4 a5 28. Bg2 Rac8 29. Rac4 Kf8 30. Rxc8 Rxc8 31. Rd6 Rc2 32. Rxb6 Rxb2 33.
Rb5 Nf4 34. Bf1 Rb1 35. Rxa5 Nxh3+ 36. Kg2 Nf4+ 37. Kg1 Rxb3 38. Ra8+ Ke7 39.
Ra7+ Kf6 40. Rxf7+ Kxf7 41. Bc4+ Kf6 42. Bxb3 Kg5 43. f3 Ng6 44. Bc2 Ne5 45.
Kf2 Kf4 46. Bxh7 Nxf3 47. Bf5 Ne5 48. Bc8 Nxg4+ 49. Kg2 Ne3+ 50. Kf2 Nf5 51.
Bd7 g6 52. Bc8 Nd6 53. Bd7 Ne4+ 54. Kg2 Nf6 55. Bc8 Ke5 56. Kg3 g5 57. Kf3 Nd5
58. Kg3 Kf6 59. Kf3 Kg6 60. Kg3 Ne7 61. Bd7 Nf5+ 62. Bxf5+ 1/2-1/2

[Event "NÖ– Landesliga 2016/2017"]
[Site "?"]
[Date "2016.12.11"]
[Round "4.1"]
[White "Vykydal, Frantisek"]
[Black "Seidler, Dieter"]
[Result "1/2-1/2"]
[WhiteElo "2128"]
[BlackElo "2017"]
[PlyCount "120"]
[EventDate "2016.10.02"]

1. e4 e6 2. Nc3 d5 3. d3 c5 4. Nf3 Nc6 5. Be2 Nf6 6. Bg5 Be7 7. O-O d4 8. Nb1
O-O 9. a4 b6 10. Na3 Bb7 11. Nd2 e5 12. Nac4 Nd7 13. Bxe7 Qxe7 14. Bg4 Nf6 15.
f4 exf4 16. Rxf4 Nxg4 17. Qxg4 Bc8 18. Qg3 Be6 19. Re1 Rad8 20. Rf2 Bxc4 21.
Nxc4 f6 22. Rf5 Qe6 23. Ref1 Ne7 24. R5f4 Ng6 25. Rg4 f5 26. exf5 Rxf5 27. Re1
Qf6 28. Nd2 Qf7 29. b3 Re8 30. Ne4 Rf8 31. h3 Rf1+ 32. Kh2 Rxe1 33. Qxe1 Ne5
34. Rg5 Qf4+ 35. Qg3 Qxg3+ 36. Kxg3 Nc6 37. Rd5 Nb4 38. Rd7 Nxc2 39. Rxa7 Rb8
40. Kf2 Nb4 41. Ke2 Nc6 42. Rd7 Kf8 43. Kd2 Na5 44. Kc2 Rb7 45. Rd6 Ke7 46. Rd5
Ke6 47. Rg5 Nc6 48. Kd2 Rf7 49. Ke2 g6 50. Rg3 Kd7 51. h4 Na5 52. Nd2 Rf5 53.
Rh3 Ke6 54. g4 Rf4 55. Rg3 h6 56. Rg1 Kd5 57. Rg2 Kc6 58. h5 g5 59. Kd1 Kd5 60.
Nc4 Nxc4 1/2-1/2

[Event "NÖ– Landesliga 2016/2017"]
[Site "?"]
[Date "2016.12.11"]
[Round "4.2"]
[White "Weiss, Christian"]
[Black "Bauer, Thomas"]
[Result "1/2-1/2"]
[WhiteElo "2361"]
[BlackElo "2102"]
[PlyCount "35"]
[EventDate "2016.10.02"]

1. c4 c5 2. g3 g6 3. Bg2 Bg7 4. Nc3 Nc6 5. Nf3 e6 6. d3 Nge7 7. O-O O-O 8. Bf4
d5 9. cxd5 exd5 10. e4 Bg4 11. h3 dxe4 12. dxe4 Be6 13. Re1 Qc8 14. Ng5 Rd8 15.
Qb1 Bc4 16. h4 Nb8 17. e5 Bd3 18. Qc1 1/2-1/2

[Event "NÖ– Landesliga 2016/2017"]
[Site "?"]
[Date "2016.12.11"]
[Round "4.2"]
[White "Khalakhan, Jurij"]
[Black "Knoll, Hermann"]
[Result "1/2-1/2"]
[WhiteElo "2197"]
[BlackElo "2341"]
[PlyCount "65"]
[EventDate "2016.10.02"]

1. e4 e5 2. Nf3 Nc6 3. Bc4 Nf6 4. Ng5 d5 5. exd5 Na5 6. Bb5+ Bd7 7. Qe2 Be7 8.
O-O O-O 9. Bxd7 Qxd7 10. d3 Nxd5 11. Qxe5 Nc6 12. Qe4 Nf6 13. Qf3 Nd4 14. Qd1
Rad8 15. Nf3 Rfe8 16. Nxd4 Qxd4 17. Nc3 Bd6 18. Qf3 c6 19. g3 Be5 20. Rb1 Qd7
21. Bd2 Qh3 22. Rfe1 Bd4 23. Rxe8+ Rxe8 24. Re1 Rxe1+ 25. Bxe1 Qe6 26. Bd2 Ng4
27. Nd1 Ne5 28. Qe2 Qd5 29. Bc3 Nf3+ 30. Kf1 Nxh2+ 31. Kg1 Nf3+ 32. Kf1 Nh2+
33. Kg1 1/2-1/2

[Event "NÖ– Landesliga 2016/2017"]
[Site "?"]
[Date "2016.12.11"]
[Round "4.2"]
[White "Steiner, Heinz"]
[Black "Plasil, Jiri"]
[Result "1-0"]
[WhiteElo "2140"]
[BlackElo "2065"]
[PlyCount "97"]
[EventDate "2016.10.02"]

1. c4 e6 2. e4 d6 3. Nc3 g6 4. d4 Bg7 5. Be3 b6 6. Nf3 Bb7 7. Be2 Nd7 8. h3 Ne7
9. O-O O-O 10. Qd2 d5 11. cxd5 exd5 12. e5 Nf5 13. Bf4 a6 14. g4 Ne7 15. Ng5 h6
16. Nf3 Kh7 17. Bd3 Rg8 18. Rae1 Nf8 19. Be3 Ne6 20. Bb1 c5 21. Ne2 c4 22. Kg2
Qf8 23. h4 Kh8 24. Ng3 Kh7 25. Rh1 Rh8 26. Nf5 Kg8 27. Nd6 Bc6 28. h5 g5 29.
Bf5 Nc8 30. Nxc4 dxc4 31. d5 Bxd5 32. Qxd5 Ne7 33. Qxc4 b5 34. Qb3 Nc7 35. Be4
Rd8 36. Rd1 Rxd1 37. Rxd1 Qc8 38. Kg3 Ne6 39. Rd6 Bf8 40. Qa3 Qc4 41. Bd3 Qc7
42. Qxa6 Nf4 43. Bxf4 gxf4+ 44. Kxf4 Qc1+ 45. Kg3 Qxb2 46. Bxb5 Kg7 47. Rd7 Qb4
48. Qf6+ Kg8 49. Bd3 1-0

[Event "NÖ– Landesliga 2016/2017"]
[Site "?"]
[Date "2016.12.11"]
[Round "4.2"]
[White "Popelka, Oldrich"]
[Black "Ehs, Dominik"]
[Result "1/2-1/2"]
[WhiteElo "2171"]
[BlackElo "2108"]
[PlyCount "91"]
[EventDate "2016.10.02"]

1. c4 Nf6 2. Nc3 g6 3. g3 Bg7 4. Bg2 O-O 5. Nf3 d6 6. O-O e5 7. d3 c6 8. Rb1
Re8 9. e4 Na6 10. b4 Nc7 11. b5 d5 12. bxc6 bxc6 13. Qa4 d4 14. Ne2 Bd7 15. Rb7
a5 16. Ba3 c5 17. Qc2 Na6 18. Rbb1 Nb4 19. Qd2 Ng4 20. h3 Bh6 21. Qd1 Nf6 22.
Bc1 Bf8 23. a3 Nc6 24. Bd2 Qc7 25. Qc2 Reb8 26. Rxb8 Rxb8 27. Rb1 Bd6 28. Ne1
Rxb1 29. Qxb1 Qb8 30. Qxb8+ Bxb8 31. f4 a4 32. f5 Bc7 33. g4 Ba5 34. Bxa5 Nxa5
35. Bf3 Ne8 36. Ng3 f6 37. h4 Nb3 38. fxg6 hxg6 39. Kg2 Ng7 40. Kf2 Ne6 41. Ne2
Nd2 42. Nc2 Kg7 43. Bg2 Bc6 44. Ke1 Nb3 45. Kf2 Nd2 46. Ke1 1/2-1/2

[Event "NÖ– Landesliga 2016/2017"]
[Site "?"]
[Date "2016.12.11"]
[Round "4.3"]
[White "Hellmayr, Alois"]
[Black "Lendwai, Reinhard"]
[Result "0-1"]
[WhiteElo "2252"]
[BlackElo "2383"]
[PlyCount "64"]
[EventDate "2016.10.02"]

1. Nf3 c5 2. g3 Nc6 3. Bg2 g6 4. c3 e5 5. d4 e4 6. Ne5 d5 7. f3 Nxe5 8. dxe5
Ne7 9. Bg5 Bg7 10. fxe4 d4 11. cxd4 cxd4 12. Nd2 Bxe5 13. Nc4 h6 14. Nxe5 hxg5
15. Qa4+ Kf8 16. Rd1 Be6 17. Rxd4 Qc7 18. Nf3 g4 19. Ng5 Qc1+ 20. Qd1 Qxg5 21.
Rd8+ Rxd8 22. Qxd8+ Kg7 23. Qd4+ Qf6 24. e5 Qf5 25. Bxb7 Qb1+ 26. Kf2 Qf5+ 27.
Kg2 Rb8 28. Rf1 Qc2 29. Ba6 Rxb2 30. Bd3 Qd2 31. Qd8 Bd5+ 32. Kf2 Qxd3 0-1

[Event "NÖ– Landesliga 2016/2017"]
[Site "?"]
[Date "2016.12.11"]
[Round "4.3"]
[White "Ganaus, Hannes"]
[Black "Danner, Lambert"]
[Result "1/2-1/2"]
[WhiteElo "2303"]
[BlackElo "2086"]
[Annotator "Stadler,Peter"]
[PlyCount "78"]
[EventDate "2016.10.02"]

1. d4 {[%emt 0:00:00]} f5 2. g3 Nf6 3. Bg2 d6 4. Nf3 g6 5. c3 Nc6 6. d5 Ne5 7.
Bf4 Nxf3+ 8. Bxf3 Bg7 9. O-O O-O 10. Nd2 e5 11. dxe6 Bxe6 12. e4 fxe4 13. Nxe4
Nxe4 14. Bxe4 d5 15. Bg2 c6 16. Qd2 Qd7 17. Rfe1 Rae8 18. Be5 Bxe5 19. Rxe5 Bf7
20. Rae1 Rxe5 21. Rxe5 Re8 22. Rxe8+ Qxe8 23. h4 Qe5 24. Qd4 Qxd4 25. cxd4 Be6
26. Kf1 Bg4 27. f3 Bf5 28. Kf2 Kf7 29. Ke3 Kf6 30. g4 Bb1 31. a3 h6 32. f4 g5
33. fxg5+ hxg5 34. h5 Bc2 35. Bf1 Bd1 36. Be2 Bxe2 37. Kxe2 a5 38. a4 b5 39.
Kd2 b4 1/2-1/2

[Event "NÖ– Landesliga 2016/2017"]
[Site "?"]
[Date "2016.12.11"]
[Round "4.3"]
[White "Ebner, Johann"]
[Black "Juenger, Heinz"]
[Result "0-1"]
[WhiteElo "2064"]
[BlackElo "2110"]
[PlyCount "68"]
[EventDate "2016.10.02"]

1. d4 Nf6 2. c4 g6 3. Nc3 d5 4. Bf4 Bg7 5. e3 c5 6. dxc5 Qa5 7. Rc1 dxc4 8.
Bxc4 Qxc5 9. Bb3 Nc6 10. Nf3 O-O 11. O-O Qa5 12. h3 Bf5 13. Qe2 Ne4 14. Nd5 e5
15. Rxc6 bxc6 16. Ne7+ Kh8 17. Nxc6 Qb6 18. Ncxe5 Be6 19. Nd4 Bxb3 20. Nxb3 Qe6
21. Qb5 Rad8 22. Nc6 Rc8 23. Nxa7 Ra8 24. Nc6 Rxa2 25. Nbd4 Qd7 26. Qb4 Re8 27.
f3 Nf6 28. Be5 Kg8 29. f4 Rea8 30. Qe1 Re8 31. Qc1 Nd5 32. Bxg7 Kxg7 33. f5
Rxe3 34. f6+ Kh8 0-1

[Event "NÖ– Landesliga 2016/2017"]
[Site "?"]
[Date "2016.12.11"]
[Round "4.3"]
[White "Hofegger, Jakob"]
[Black "Strobel, Ferdinand"]
[Result "1/2-1/2"]
[WhiteElo "2069"]
[BlackElo "2037"]
[PlyCount "80"]
[EventDate "2016.10.02"]

1. Nf3 d6 2. g3 f5 3. d4 g6 4. Bg2 Nf6 5. O-O Bg7 6. b3 O-O 7. Bb2 c6 8. c4 Qa5
9. Nbd2 f4 10. e4 fxe3 11. fxe3 Qh5 12. Qe2 Bg4 13. Rf2 Nbd7 14. Raf1 Rae8 15.
e4 e5 16. d5 c5 17. Qd3 Bh6 18. Nh4 g5 19. Nf5 Bxf5 20. Rxf5 Qg6 21. Nb1 Nh5
22. Nc3 Ng7 23. R5f2 Rxf2 24. Rxf2 g4 25. Qe2 Rf8 26. Rxf8+ Nxf8 27. Nd1 Nh5
28. a3 Nf6 29. b4 N8d7 30. Nf2 Qg5 31. Kf1 Qd2 32. Nd3 Qxe2+ 33. Kxe2 b6 34.
Bc3 Bg5 35. b5 h5 36. a4 Kf7 37. Nb2 Bc1 38. Nd3 Bg5 39. Be1 Kg6 40. Kd1 Be3
1/2-1/2

[Event "NÖ– Landesliga 2016/2017"]
[Site "?"]
[Date "2016.12.11"]
[Round "4.1"]
[White "SandhÃ¶fner, Florian"]
[Black "FrÃ¶wis, Georg"]
[Result "0-1"]
[WhiteElo "2244"]
[BlackElo "2487"]
[PlyCount "54"]
[EventDate "2016.??.??"]

1. d4 d5 2. Bf4 c5 3. e3 Nc6 4. c3 Nf6 5. Nd2 e6 6. Bd3 Bd6 7. Bxd6 Qxd6 8. f4
Bd7 9. a3 Ne7 10. Ngf3 Qb6 11. Rb1 cxd4 12. cxd4 Ng4 13. Qe2 Nf5 14. Nf1 Rc8
15. h3 Ngxe3 16. Nxe3 Ng3 17. Qd2 Nxh1 18. Nf1 Bb5 19. g3 O-O 20. Ne5 Bxd3 21.
Qxd3 Rc7 22. Ke2 f6 23. Ng4 Rfc8 24. Nge3 Rc1 25. Rxc1 Rxc1 26. Qd2 Qa6+ 27.
Kf3 Rxf1+ 0-1

[Event "NÃ– Landesliga 2016/2017"]
[Site "?"]
[Date "2016.12.11"]
[Round "4.2"]
[White "Kleiser, Gregor"]
[Black "Rumpl, Erwin"]
[Result "0-1"]
[WhiteElo "2232"]
[BlackElo "2315"]
[PlyCount "92"]
[EventDate "2016.10.02"]
[SourceDate "2016.12.12"]

1. d4 b6 2. e4 Bb7 3. Bd3 e6 4. f4 c5 5. c3 cxd4 6. cxd4 Nc6 7. Nf3 Nb4 8. O-O
Nxd3 9. Qxd3 Nf6 10. Nc3 Be7 11. Kh1 O-O 12. d5 Bb4 13. Bd2 Rc8 14. e5 Bxc3 15.
Bxc3 Nxd5 16. Ng5 g6 17. Qh3 h5 18. Ne4 f5 19. Nd6 Rc7 20. Rf3 Kg7 21. Rd1 Nxc3
22. Rxc3 Rxc3 23. Qxc3 Bc6 24. b4 Qh4 25. Qg3 Qxg3 26. hxg3 b5 27. Kh2 a5 28.
a4 axb4 29. axb5 Bd5 30. Rd4 Ra8 31. Rxb4 Ra2 32. Rb1 Rxg2+ 33. Kh3 g5 34. fxg5
Ra2 35. Rc1 Bf3 36. g4 hxg4+ 37. Kg3 Rb2 38. Rc8 Bd5 39. g6 Rb3+ 40. Kh2 f4 41.
Ne8+ Kxg6 42. Nf6 Rb2+ 43. Kg1 g3 44. Nxd5 exd5 45. Rf8 Kg5 46. Rf7 Kg4 0-1

[Event "NÃ– Landesliga 2016/2017"]
[Site "?"]
[Date "2016.12.11"]
[Round "4.3"]
[White "Wadsack, Wolfgang"]
[Black "Winiwarter, Felix"]
[Result "1/2-1/2"]
[WhiteElo "2115"]
[BlackElo "2063"]
[PlyCount "191"]
[EventDate "2016.10.02"]

1. e4 c5 2. c3 e6 3. d4 d5 4. exd5 Qxd5 5. Nf3 cxd4 6. cxd4 Bb4+ 7. Nc3 Nf6 8.
Bd3 O-O 9. O-O Bxc3 10. bxc3 Nc6 11. Qe2 Re8 12. Re1 Bd7 13. Rb1 a6 14. c4 Qd6
15. Rxb7 Rad8 16. Be3 Bc8 17. Rb6 Qc7 18. Qb2 Ng4 19. h3 Nxe3 20. fxe3 e5 21.
d5 Na5 22. e4 Nxc4 23. Bxc4 Qxc4 24. Rc6 Qa4 25. Nxe5 f6 26. Nc4 Bd7 27. Rc7
Bb5 28. Qb3 Rxd5 29. Qxa4 Bxa4 30. exd5 Rxe1+ 31. Kf2 Re8 32. Nb6 Bb5 33. a4
Rb8 34. a5 Re8 35. Kf3 Kf8 36. Kf4 Re2 37. g3 Re5 38. h4 h6 39. Rc5 g5+ 40.
hxg5 hxg5+ 41. Kf3 Be2+ 42. Kf2 Bg4 43. Rc4 Bh3 44. g4 Ke7 45. Rc7+ Kd8 46.
Rc8+ Ke7 47. Kf3 f5 48. Rc7+ Kd8 49. Rd7+ Ke8 50. gxf5 Bxf5 51. Ra7 Bd3 52. d6
Be2+ 53. Kf2 Bb5 54. Kg3 Re3+ 55. Kg4 Rd3 56. Kxg5 Rxd6 57. Kf5 Bf1 58. Ke5 Rh6
59. Nd5 Kd8 60. Rf7 Bc4 61. Rf8+ Kd7 62. Nb6+ Ke7 63. Rc8 Bf1 64. Nd5+ Kd7 65.
Rc7+ Kd8 66. Rc1 Bg2 67. Nf6 Rg6 68. Rd1+ Kc7 69. Rc1+ Kd8 70. Rb1 Ke7 71. Rb6
Rg5+ 72. Kf4 Rxa5 73. Ng4 Ra4+ 74. Kg3 Bd5 75. Ne5 a5 76. Kf2 Re4 77. Nd3 a4
78. Nc5 Rc4 79. Nxa4 Rxa4 80. Ke3 Be6 81. Kd3 Kf6 82. Kc3 Ke5 83. Rb4 Ra3+ 84.
Kb2 Ra2+ 85. Kc3 Bd5 86. Rh4 Ra3+ 87. Kb2 Rb3+ 88. Kc2 Rg3 89. Kd2 Be4 90. Rh8
Kd4 91. Rd8+ Bd5 92. Re8 Ra3 93. Rc8 Rd3+ 94. Kc2 Bb3+ 95. Kb2 Ke3 96. Rc3
1/2-1/2

[Event "NÃ– Landesliga 2016/2017"]
[Site "?"]
[Date "2016.12.11"]
[Round "4.4"]
[White "WÃ¶ber, Friedrich"]
[Black "Wadsack, Winfried"]
[Result "1-0"]
[WhiteElo "2123"]
[BlackElo "2135"]
[PlyCount "87"]
[EventDate "2016.10.02"]

1. e4 d5 2. exd5 Qxd5 3. Nc3 Qa5 4. d4 Nf6 5. Nf3 Bg4 6. h3 Bh5 7. Bd2 Nc6 8.
g4 Bg6 9. Bc4 Qb4 10. Bb3 Qd6 11. Nb5 Qd7 12. Bf4 Rc8 13. Nc3 e6 14. Ba4 Bd6
15. Ne5 Bxe5 16. dxe5 Nd5 17. Nxd5 exd5 18. Qe2 Qe6 19. O-O-O a6 20. Bg3 O-O
21. f4 Be4 22. Rhe1 f5 23. exf6 Qxf6 24. Bb3 Nd4 25. Rxd4 Qxd4 26. Qxe4 Qxe4
27. Rxe4 c6 28. Kd2 b5 29. Re6 Kf7 30. f5 g6 31. Rxc6 Rxc6 32. Bxd5+ Kf6 33.
Bxc6 gxf5 34. gxf5 Kxf5 35. a4 bxa4 36. Bxa4 Rf6 37. c4 Ke4 38. c5 Kf3 39. c6
Rf5 40. c7 Rd5+ 41. Kc3 Rc5+ 42. Kd4 Rc1 43. Bd6 h5 44. Bc5 1-0

[Event "NÖ– Landesliga 2016/2017"]
[Site "?"]
[Date "2016.12.11"]
[Round "4.5"]
[White "Hofmann, Thomas"]
[Black "Batyte, Daiva"]
[Result "0-1"]
[WhiteElo "2260"]
[BlackElo "2163"]
[PlyCount "76"]
[EventDate "2016.10.02"]

1. d4 Nf6 2. c4 g6 3. Nc3 Bg7 4. e4 d6 5. Be2 O-O 6. Be3 Na6 7. Qd2 Ng4 8. Bxg4
Bxg4 9. f3 Be6 10. d5 Bd7 11. g4 e6 12. h4 exd5 13. cxd5 Qe7 14. Nge2 Nc5 15.
Bh6 Nd3+ 16. Qxd3 Bxh6 17. g5 Bg7 18. O-O-O f5 19. gxf6 Qxf6 20. Rdf1 c6 21.
Qd2 b5 22. dxc6 Bxc6 23. Nd5 Qe5 24. Nec3 Rac8 25. Kb1 a5 26. a3 Rf7 27. h5 Rb8
28. hxg6 hxg6 29. f4 Qe6 30. Qd3 b4 31. axb4 axb4 32. Nd1 Bb5 33. Qe3 Bxf1 34.
Rxf1 Rb5 35. Qd3 Qd7 36. N1e3 b3 37. Nc4 Qc6 38. Nxd6 Rxd5 0-1

[Event "NÖ– Landesliga 2016/2017"]
[Site "?"]
[Date "2016.12.11"]
[Round "4.5"]
[White "GrÃ¶tz, Harald"]
[Black "Gasa, Andrej"]
[Result "1/2-1/2"]
[WhiteElo "2272"]
[BlackElo "2284"]
[PlyCount "90"]
[EventDate "2016.10.02"]

1. Nf3 d5 2. b3 Nf6 3. Bb2 g6 4. g3 Bg7 5. Bg2 O-O 6. c4 c6 7. O-O Re8 8. d4
Ne4 9. Nfd2 Nxd2 10. Nxd2 Be6 11. Rc1 Nd7 12. e4 dxe4 13. Nxe4 Bf5 14. Qe2 Qa5
15. Bc3 Qa6 16. Rfe1 Bxe4 17. Bxe4 e6 18. Bg2 Qb6 19. Qb2 Qd8 20. Rcd1 Qc7 21.
Re2 Nf8 22. a4 Rac8 23. a5 b5 24. axb6 axb6 25. Ra1 Ra8 26. Ree1 Red8 27. Rxa8
Rxa8 28. Ra1 Rxa1+ 29. Qxa1 h5 30. b4 c5 31. dxc5 Bxc3 32. Qxc3 bxc5 33. b5 Nd7
34. h4 Qd6 35. Kh2 Nb6 36. Bc6 Kf8 37. Kg2 Ke7 38. Kf3 e5 39. Ke2 Qe6 40. Kd3
f5 41. f3 Qd6+ 42. Kc2 Qd4 43. Qxd4 exd4 44. Kd3 Ke6 45. f4 Kf6 1/2-1/2

[Event "NÖ– Landesliga 2016/2017"]
[Site "?"]
[Date "2016.12.11"]
[Round "4.5"]
[White "Vrana, Frantisek"]
[Black "Piringer, Florian"]
[Result "1/2-1/2"]
[WhiteElo "2200"]
[BlackElo "2166"]
[PlyCount "81"]
[EventDate "2016.10.02"]

1. d4 Nf6 2. Nf3 g6 3. c4 Bg7 4. Nc3 d5 5. Bf4 O-O 6. e3 c5 7. dxc5 Qa5 8. Rc1
dxc4 9. Bxc4 Qxc5 10. Nb5 Qb4+ 11. Nd2 Na6 12. a3 Qa5 13. b4 Qd8 14. O-O Nh5
15. Bg5 Nf6 16. Bxf6 Bxf6 17. Qe2 Bg4 18. f3 Bd7 19. Rfd1 Qb6 20. Ne4 Bxb5 21.
Nxf6+ exf6 22. Bxb5 Nc7 23. Bd7 Rfd8 24. Kf2 Ne6 25. Qc4 Nf8 26. Ba4 Rxd1 27.
Rxd1 Rd8 28. Bb3 Ne6 29. Rxd8+ Qxd8 30. Ke2 Qc7 31. Qxc7 Nxc7 32. Kd3 Kf8 33.
Bc4 Ke7 34. Kd4 b6 35. h4 Kf8 36. Ke4 Kg7 37. g4 h6 38. f4 Kf8 39. g5 hxg5 40.
hxg5 Ke7 41. gxf6+ 1/2-1/2

[Event "NÖ– Landesliga 2016/2017"]
[Site "?"]
[Date "2016.12.11"]
[Round "4.5"]
[White "Amberger, Dieter"]
[Black "Mayer, Josef"]
[Result "1/2-1/2"]
[WhiteElo "2050"]
[BlackElo "2092"]
[PlyCount "40"]
[EventDate "2016.10.02"]

1. d4 Nf6 2. c4 g6 3. Nc3 Bg7 4. e4 d6 5. f3 O-O 6. Be3 Nc6 7. Qd2 a6 8. Nge2
Rb8 9. Nc1 e5 10. d5 Nd4 11. Nb3 Nxb3 12. axb3 c5 13. b4 cxb4 14. Na4 b5 15.
cxb5 axb5 16. Qxb4 Bd7 17. Nc3 Ne8 18. Bd3 Bh6 19. Bf2 Qg5 20. Kf1 Qd2 1/2-1/2

[Event "NOE Landesliga 2016/2017"]
[Site "verschiedene in NOE"]
[Date "2017.01.22"]
[Round "5.1"]
[White "Groetz, Harald"]
[Black "Sandhoefner, Florian"]
[Result "1/2-1/2"]
[WhiteElo "2272"]
[BlackElo "2251"]
[PlyCount "83"]
[EventDate "2016.10.02"]
[EventType "team"]
[EventRounds "11"]
[EventCountry "AUT"]
[WhiteTeam "SV Stockerau"]
[BlackTeam "SV Amstetten"]

1. e4 c5 2. Nf3 d6 3. c3 Nf6 4. Bd3 Bg4 5. h3 Bh5 6. Bc2 Nc6 7. d3 e6 8. O-O
Be7 9. Nbd2 O-O 10. a4 d5 11. Qe1 Qc7 12. Nh2 Bd6 13. g3 e5 14. exd5 Nxd5 15.
Nc4 Be7 16. Ng4 f6 17. Nge3 Nxe3 18. Nxe3 Qd7 19. Kh2 Rad8 20. Bb3+ Bf7 21. Bc4
Na5 22. Bb5 Qc7 23. Qe2 Nb3 24. Rb1 a6 25. Bc4 Qd7 26. Qg4 Qxg4 27. hxg4 Rd7
28. Nf5 Rfd8 29. g5 Nxc1 30. gxf6 Bxf6 31. Rbxc1 Bxc4 32. dxc4 Rd2 33. Kg2 Re2
34. Rfe1 Rxe1 35. Rxe1 Rd2 36. Rb1 e4 37. Kf1 Bg5 38. g4 Rc2 39. Nd6 e3 40.
fxe3 Bxe3 41. Nxb7 Rh2 42. Re1 1/2-1/2

[Event "NOE Landesliga 2016/2017"]
[Site "verschiedene in NOE"]
[Date "2017.01.22"]
[Round "5.3"]
[White "Schmid, Thomas"]
[Black "Traunwieser, Georg"]
[Result "1-0"]
[WhiteElo "2110"]
[BlackElo "2115"]
[PlyCount "87"]
[EventDate "2016.10.02"]
[EventType "team"]
[EventRounds "11"]
[EventCountry "AUT"]
[WhiteTeam "SV Stockerau"]
[BlackTeam "SV Amstetten"]

1. e4 g6 2. d4 Bg7 3. Nc3 d6 4. f4 a6 5. Nf3 e6 6. Bd3 Ne7 7. O-O O-O 8. Be3 h6
9. Qd2 f5 10. e5 Kh7 11. Ne2 d5 12. h3 b6 13. g4 Nd7 14. Ng3 c5 15. c3 a5 16.
Qe2 c4 17. Bc2 b5 18. Kh2 Nb6 19. Rg1 Na4 20. Rab1 Qe8 21. Nh4 Ra7 22. Rg2 Rg8
23. Nxg6 Nxg6 24. gxf5 exf5 25. Nxf5 Kh8 26. Nd6 Nxf4 27. Bxf4 Qf8 28. Qd2 Be6
29. Rg6 Bf7 30. Rg3 Be6 31. Be3 Nc5 32. Rbg1 b4 33. R1g2 b3 34. axb3 cxb3 35.
Bb1 Nd7 36. Rf2 Qb8 37. Bxh6 Bxe5 38. dxe5 Rxg3 39. Kxg3 Nxe5 40. Qd4 Qxd6 41.
Bf4 Rg7+ 42. Kh2 Ng4+ 43. hxg4 Qe7 44. Be5 1-0

[Event "NOE Landesliga 2016/2017"]
[Site "verschiedene in NOE"]
[Date "2017.01.22"]
[Round "5.4"]
[White "Wadsack, Winfried"]
[Black "Amberger, Dieter"]
[Result "0-1"]
[WhiteElo "2158"]
[BlackElo "2050"]
[PlyCount "166"]
[EventDate "2016.10.02"]
[EventType "team"]
[EventRounds "11"]
[EventCountry "AUT"]
[WhiteTeam "SV Amstetten"]
[BlackTeam "SV Stockerau"]

1. e4 c5 2. c3 Nf6 3. e5 Nd5 4. d4 cxd4 5. Nf3 Nc6 6. Bc4 Nb6 7. Bb3 d5 8. exd6
Qxd6 9. cxd4 Be6 10. Bxe6 Qxe6+ 11. Be3 Qd7 12. O-O e6 13. Nc3 Rd8 14. Re1 Be7
15. Ne4 O-O 16. Nc5 Qc7 17. Rc1 Nd5 18. a3 b6 19. Nd3 Qd6 20. Qa4 Rc8 21. Nfe5
Nxe5 22. Nxe5 a5 23. Rc4 Rxc4 24. Qxc4 Bf6 25. Nf3 h6 26. Rc1 Rd8 27. Qc6 Qxc6
28. Rxc6 Rd7 29. Kf1 Rc7 30. Rxc7 Nxc7 31. Ke2 Nd5 32. Kd3 b5 33. Bd2 a4 34.
Ne5 Bd8 35. g3 Bc7 36. Nc6 Bb6 37. Bb4 Nxb4+ 38. Nxb4 Kf8 39. Nc6 Ke8 40. f4 f6
41. h3 Kd7 42. Nb4 Kd6 43. Ke4 f5+ 44. Kd3 Ba5 45. Nc2 h5 46. Ne3 Be1 47. g4
fxg4 48. hxg4 h4 49. Ke2 h3 50. Nf1 Bh4 51. Kf3 Kd5 52. f5 exf5 53. Ne3+ Ke6
54. d5+ Ke5 55. gxf5 Bg5 56. Nd1 Kxd5 57. Nc3+ Kc4 58. Ne4 Bc1 59. Nd6+ Kc5 60.
Ne4+ Kd4 61. Nc3 Bxb2 62. Nxb5+ Kc5 63. Nc7 Kd6 64. Ne6 Be5 65. Ng5 h2 66. Kg2
Kc5 67. Ne6+ Kc4 68. Nd8 Kb3 69. Nc6 Bc7 70. Nd4+ Kb2 71. Nb5 Be5 72. Kh1 Kb3
73. Kg2 Kc4 74. Na7 Bc7 75. Kh1 Kc5 76. Kg2 Bd6 77. Kh1 Kb6 78. Nc8+ Kc7 79.
Na7 Kd7 80. Nb5 Be5 81. Kg2 Kc6 82. Na7+ Kb7 83. Nb5 Kb6 0-1